000 00515nam a2200193 a 4500
001 000025667
005 20200930023946.0
008 110216s1972 ve r 000 |aspa d
082 _axxx
_bR621o
100 1 _aRivero Blanco, Carlos ,
_952419
245 1 0 _aObjetivo :
_bla vida /
_cCarlos Rivero Blanco.
250 _a2a ed.
260 _aCaracas :
_bMonte Ávila,
_c1972.
300 _a191 p. ;
_c16 cm.
490 1 _aCientífica
_v9.
830 0 _aCientífica,
_v9
_925797
049 _aBNGR
999 _c25159
_d25159
040 _aDO-SdBNP